| 000 | 00360nam a2200157Ia 4500 | ||
|---|---|---|---|
| 008 | 221030s9999 xx 000 0 und d | ||
| 041 | _aEnglish | ||
| 082 |
_a105.23 _bGup |
||
| 100 | _aS. L. Gupta | ||
| 245 | 0 | _aCase Studies in Management | |
| 260 |
_bWisdom Pub. _aDelhi _c2004 |
||
| 300 | _a338 | ||
| 650 | _aCase Study | ||
| 700 | _aA. Mittal | ||
| 942 | _cBK | ||
| 999 |
_c617 _d617 |
||